[Event "Let's Play Chess!"]
[Site "http://www.queenalice.com/game.php?id=594227"]
[Date "2009.5.27"]
[Round "-"]
[White "julioisdi"]
[Black "jose50"]
[Result "1/2-1/2"]
[WhiteElo "1617"]
[BlackElo "1840"]

1. e4 e5 2. Nf3 Nc6 3. c3 Nf6 4. Bb5 d6 5. Qb3 Bd7 6. Ng5 Qe7 7. Bxc6 Bxc6 8. d3
h6 9. Nf3 d5 10. Nbd2 dxe4 11. dxe4 Nxe4 12. Nxe4 Bxe4 13. c4 Qb4+ 14. Qxb4
Bxb4+ 15. Bd2 Bxd2+ 16. Nxd2 Bd3 17. O-O-O O-O-O 18. b3 f5 19. Nf3 e4 20. Ne5
Rhf8 21. f3 g5 22. Rhe1 Rde8 23. Nxd3 exd3 24. Rxe8+ Rxe8 25. Rxd3 Re2 26. Rd2
Rxd2 27. Kxd2 f4 28. Kd3 Kd7 29. Ke4 Ke6 30. g3 fxg3 31. hxg3 h5 32. f4 h4 33.
gxh4 gxh4 34. Kf3 h3 35. Kg3 Kf5 36. Kxh3 Kxf4 37. Kh4 Ke4 38. Kg5 Kd4 39. Kf6
c5 40. Ke6 b6 41. Kd6 Kc3 42. Kc6 Kb2 43. Kb5 Kxa2 44. b4 cxb4 45. Kxb4 a5+
1/2-1/2

[Event "Let's Play Chess!"]
[Site "http://www.queenalice.com/game.php?id=621728"]
[Date "2009.7.20"]
[Round "-"]
[White "jose50"]
[Black "forki"]
[Result "1-0"]
[WhiteElo "1793"]
[BlackElo "1627"]

1. e4 c5 2. Nf3 d6 3. d4 cxd4 4. Nxd4 Nf6 5. Nc3 g6 6. Bc4 Bg7 7. Bd2 O-O 8. Qe2
Qb6 9. Nb3 Nc6 10. Be3 Qd8 11. h4 h5 12. O-O-O Ne5 13. f4 Nxc4 14. Qxc4 Ng4 15.
Rde1 Be6 16. Qd3 a5 17. f5 Bxb3 18. cxb3 Qc7 19. Bd4 Ne5 20. Bxe5 dxe5 21. Kb1
Kh7 22. Qf3 e6 23. g4 Qd7 24. gxh5 exf5 25. hxg6+ fxg6 26. h5 fxe4 27. hxg6+ Kg8
28. Qxe4 Rf4 29. Qg2 Qf5+ 30. Ka1 Rb8 31. Qd5+ Kf8 32. Qd6+ Kg8 33. Qxb8+ 1-0

[Event "Let's Play Chess!"]
[Site "http://www.queenalice.com/game.php?id=667277"]
[Date "2009.10.15"]
[Round "-"]
[White "Frpo055"]
[Black "jose50"]
[Result "1-0"]
[WhiteElo "1819"]
[BlackElo "1802"]

1. e4 e5 2. Nf3 Nc6 3. Bb5 d6 4. O-O Bd7 5. c3 Nf6 6. Re1 a6 7. Ba4 Be7 8. d4 b5
9. Bb3 O-O 10. h3 Be6 11. d5 1-0

[Event "Challenge"]
[Site "http://www.queenalice.com/game.php?id=671829"]
[Date "2009.10.24"]
[Round "-"]
[White "OnlyJoking"]
[Black "jose50"]
[Result "1-0"]
[WhiteElo "1816"]
[BlackElo "1787"]

1. e4 e5 2. Nf3 Nc6 3. Bb5 d6 4. d4 Bd7 5. Nc3 a6 6. Bxc6 bxc6 7. dxe5 dxe5 8.
Nxe5 Bd6 9. Nxd7 Qxd7 10. b3 Bb4 11. Qxd7+ Kxd7 12. Bb2 Nf6 13. f3 Rhe8 14.
O-O-O+ Ke7 15. Rd3 Kf8 16. Rhd1 Bd6 17. h3 a5 18. a4 Nd7 19. Kb1 c5 20. Nb5 Ne5
21. Rxd6 cxd6 22. Nc7 c4 23. Bxe5 1-0

[Event "Challenge"]
[Site "http://www.queenalice.com/game.php?id=679390"]
[Date "2009.11.7"]
[Round "-"]
[White "jose50"]
[Black "manucies"]
[Result "1-0"]
[WhiteElo "1772"]
[BlackElo "1619"]

1. e4 e5 2. Nf3 Nc6 3. Bc4 Nf6 4. d3 d5 5. exd5 Nxd5 6. O-O Be6 7. Bxd5 Bxd5 8.
Nc3 f5 9. Bg5 Be7 10. Nxd5 Qxd5 11. Bxe7 Nxe7 12. Re1 e4 13. dxe4 Qxd1 14. Raxd1
fxe4 15. Rxe4 Rd8 16. Rde1 Rd7 17. Ng5 h6 18. Ne6 g5 19. Nc5 Rd5 20. Rxe7+ Kd8
21. Ne6+ Kxe7 22. Nxc7+ Kd6 23. Nxd5 Kxd5 24. Re7 Kc6 25. g3 Rc8 26. c3 a5 27.
Re6+ Kb5 28. Rxh6 1-0

[Event "Let's Play Chess!"]
[Site "http://www.queenalice.com/game.php?id=689905"]
[Date "2009.11.28"]
[Round "-"]
[White "jose50"]
[Black "Acuario_72"]
[Result "0-1"]
[WhiteElo "1782"]
[BlackElo "1580"]

1. e4 g6 2. d4 Bg7 3. e5 d6 4. f4 dxe5 5. fxe5 e6 6. Nf3 Nc6 7. Bb5 a6 8. Bxc6+
bxc6 9. O-O Bb7 10. Be3 Ne7 11. Nbd2 O-O 12. h4 Nf5 13. Bg5 f6 14. exf6 Bxf6 15.
Bxf6 Qxf6 16. Ne4 Qe7 17. Nc5 Rab8 18. Ne5 Rfd8 19. c3 Ne3 20. Qf3 Nxf1 21. Rxf1
Rf8 22. Qxf8+ Rxf8 0-1

[Event "Let's Play Chess!"]
[Site "http://www.queenalice.com/game.php?id=690374"]
[Date "2009.11.29"]
[Round "-"]
[White "BobySponja"]
[Black "jose50"]
[Result "0-1"]
[WhiteElo "1741"]
[BlackElo "1758"]

1. e4 e5 2. Nf3 Nc6 3. Bb5 d6 4. d3 Bd7 5. Nc3 a6 6. Ba4 b5 7. Bb3 Na5 8. Be3
Nxb3 9. axb3 Nf6 10. Nd5 c6 11. Nxf6+ gxf6 12. b4 f5 13. exf5 Bxf5 14. h3 Bg7
15. Qe2 O-O 16. Qd2 d5 17. Bh6 e4 18. Bxg7 Kxg7 19. Qg5+ Qxg5 20. Nxg5 exd3 21.
cxd3 Bxd3 22. Kd2 Bf5 23. g4 h6 24. gxf5 hxg5 25. Kd3 Kf6 26. Ra5 Ra7 27. Rha1
Rfa8 28. Kd4 Kxf5 29. Kc5 Ke4 30. Kxc6 Rc8+ 31. Kd6 d4 32. Rxa6 Rxa6+ 33. Rxa6
Rd8+ 34. Ke7 Rd5 35. Kxf7 d3 36. Re6+ Kd4 0-1

[Event "Let's Play Chess!"]
[Site "http://www.queenalice.com/game.php?id=690392"]
[Date "2009.11.29"]
[Round "-"]
[White "jose50"]
[Black "BobySponja"]
[Result "1-0"]
[WhiteElo "1773"]
[BlackElo "1726"]

1. e4 e5 2. Nf3 Nf6 3. Nc3 d5 4. exd5 Bc5 5. Bc4 Bg4 6. h3 Bh5 7. g4 Bg6 8. d3
h5 9. g5 Nh7 10. h4 a6 11. Qe2 Nd7 12. d4 Bb6 13. dxe5 Nc5 14. Bf4 Qd7 15. e6
fxe6 16. dxe6 Qc6 17. O-O-O O-O 18. e7+ Kh8 19. exf8=Q+ Rxf8 20. Ne5 Qe8 21.
Nxg6+ Qxg6 22. Be3 Re8 23. Rd2 Qc6 24. Bd5 Qg6 25. f4 Nb3+ 26. axb3 Bxe3 27. Bc4
Bxd2+ 28. Qxd2 Nf8 29. Bd3 Qb6 30. f5 Nd7 31. Qd1 Ne5 32. Qxh5+ Kg8 33. Qxe8+
Kh7 34. Qxe5 Kh8 35. Qe8+ 1-0

[Event "Let's Play Chess!"]
[Site "http://www.queenalice.com/game.php?id=728121"]
[Date "2010.2.8"]
[Round "-"]
[White "william_1987br"]
[Black "jose50"]
[Result "1-0"]
[WhiteElo "1621"]
[BlackElo "1787"]

1. e4 e5 2. Nf3 Nc6 3. Bc4 d6 4. d3 Be7 5. O-O f5 6. Bxg8 Rxg8 7. Bg5 h6 8. Bxe7
Qxe7 9. Nc3 g5 10. Nd5 Qh7 11. Nf6+ 1-0

[Event "Let's Play Chess!"]
[Site "http://www.queenalice.com/game.php?id=730619"]
[Date "2010.2.12"]
[Round "-"]
[White "jose50"]
[Black "gomonkey"]
[Result "0-1"]
[WhiteElo "1764"]
[BlackElo "1613"]

1. e4 e5 2. Bc4 Nf6 3. d3 h6 4. Nc3 c6 5. f4 d5 6. fxe5 Bg4 7. Nf3 Nxe4 8. dxe4
Bb4 9. exd5 Qa5 10. Qd4 Bf5 11. e6 f6 12. O-O Bc5 0-1

[Event "Let's Play Chess!"]
[Site "http://www.queenalice.com/game.php?id=732143"]
[Date "2010.2.15"]
[Round "-"]
[White "Yota_VGA"]
[Black "jose50"]
[Result "0-1"]
[WhiteElo "1470"]
[BlackElo "1694"]

1. e4 e5 2. Nf3 Nc6 3. Bc4 h6 4. Nc3 Bc5 5. O-O Nf6 6. d3 a6 7. Nd5 d6 8. Bd2
Be6 9. a3 Ne7 10. Ba5 Nexd5 11. exd5 Nxd5 12. d4 exd4 13. Nxd4 O-O 14. Nxe6 fxe6
15. Bxd5 exd5 16. Qxd5+ Kh8 17. Qxb7 Bb6 18. Bc3 Qh4 19. g3 Qc4 20. Rad1 Rae8
21. Rxd6 Rxf2 22. Rxf2 Bxf2+ 23. Kxf2 Qe2+ 24. Kg1 Rf8 25. Bxg7+ Kxg7 26. Qxc7+
Rf7 27. Qxf7+ Kxf7 28. Rc6 Qe1+ 29. Kg2 Qe4+ 0-1

[Event "jogo de espera"]
[Site "http://www.queenalice.com/game.php?id=790656"]
[Date "2010.6.17"]
[Round "-"]
[White "jose50"]
[Black "zemaria"]
[Result "1-0"]
[WhiteElo "1724"]
[BlackElo "1810"]

1. e4 e5 2. Bc4 Nf6 3. d3 d5 4. exd5 Nxd5 5. Qf3 Be6 6. Nd2 c6 7. Ne4 Nb4 8.
Bxe6 fxe6 9. Qh5+ g6 10. Qxe5 Nxc2+ 11. Ke2 Nxa1 12. Qxh8 Nd7 13. Nd6+ Ke7 14.
Bg5+ 1-0

[Event "Let's Play Chess!"]
[Site "http://www.queenalice.com/game.php?id=792550"]
[Date "2010.6.20"]
[Round "-"]
[White "jose50"]
[Black "exterminator206"]
[Result "0-1"]
[WhiteElo "1743"]
[BlackElo "1384"]

1. e4 d5 2. exd5 Qxd5 3. Nc3 Qe6+ 4. Be2 Nf6 5. d3 h6 6. Nf3 Qd7 7. O-O a6 8.
Re1 e6 9. Ne5 Qd8 10. a3 Bd6 11. Bf4 Bxe5 12. Bxe5 Nbd7 13. d4 O-O 14. Bh5 g6
15. Bf3 Nh7 16. Ne4 Nxe5 17. dxe5 Rb8 18. Qc1 g5 19. h4 Bd7 20. Rd1 Qe7 21. Nf6+
Nxf6 22. hxg5 Nd5 0-1

[Event "Let's Play Chess!"]
[Site "http://www.queenalice.com/game.php?id=818913"]
[Date "2010.8.16"]
[Round "-"]
[White "kisarsk"]
[Black "jose50"]
[Result "0-1"]
[WhiteElo "1595"]
[BlackElo "1701"]

1. Na3 d5 2. d4 Bd7 3. c3 Nf6 4. Qb3 b6 5. Nh3 h6 6. e3 e6 7. Nb5 Nc6 8. g3 Na5
9. Qc2 c5 10. b3 a6 11. Na3 Nb7 12. Bg2 b5 13. Nf4 b4 14. cxb4 cxb4 15. Nb1 Rc8
16. Qd2 Qb6 17. O-O Be7 18. Nd3 O-O 19. Ne5 Bb5 20. Nd3 a5 21. Rd1 Bxd3 22. Qxd3
Nd6 23. a3 Nde4 24. axb4 axb4 25. Ra6 Qb7 26. Bd2 Ra8 27. Rxa8 Rxa8 28. Be1 Rc8
29. Nd2 Nc3 30. Rc1 Ne2+ 31. Qxe2 Rxc1 32. Nf3 Qc7 33. h4 Ne4 34. Ne5 Qc3 35.
Kf1 Nd2+ 36. Kg1 Nxb3 37. Qf3 Bf6 38. Qh5 Bxe5 39. Qxe5 Rxe1+ 40. Kh2 Nxd4 41.
Qxd4 Qxd4 42. exd4 b3 43. f4 b2 44. f5 b1=Q 45. f6 Qg6 46. Kh3 Re3 47. Bxd5
Qxg3# 0-1

[Event "Challenge"]
[Site "http://www.queenalice.com/game.php?id=820690"]
[Date "2010.8.20"]
[Round "-"]
[White "kisarsk"]
[Black "jose50"]
[Result "0-1"]
[WhiteElo "1583"]
[BlackElo "1713"]

1. d4 d5 2. e3 a6 3. g3 Nc6 4. Bg2 Bf5 5. Na3 Nf6 6. b3 e6 7. Qd2 Bd6 8. Bb2 Qe7
9. Ne2 Bxa3 10. Bxa3 Qxa3 11. O-O h5 12. Nc3 h4 13. Ne2 O-O-O 14. f3 g5 15. g4
Bg6 16. Bh3 Nh7 17. Rfc1 f5 18. c3 Qe7 19. a4 Nf6 20. Rf1 Nxg4 21. fxg4 fxg4 22.
Bxg4 Bh5 23. Bh3 g4 24. Nf4 gxh3 25. Kf2 Rdf8 26. Ke1 Be8 27. Kd1 e5 28. dxe5
Qxe5 29. Qc2 Qxe3 30. Re1 Qxf4 31. Qe2 Bh5 32. Qxh5 Rxh5 33. Re8+ Rxe8 34. Kc2
Re2+ 35. Kd3 Qe4# 0-1